00924 2200301 4500001002100000005001500021035002000036007000300056008004100059020002200100040002200122082001900144084002100163090002200184100003000206245008100236250003500317300002900352650004000381700003000421850001200451264004100463336002100504337003000525338002300555999002200578990002200600INLIS00000000088059920230803081533 a0010-0823000089ta230803s2022 yoi g 0 j ind d a978-623-6386-69-9 aYOPDYOGbinderda04223a899.221301 a899.221301 KUM z aCB-D.11 2022-40250 aKumaidid1993-ePengarang10aZiarah kota tua dan cerita-cerita lain /cKumaidi; penyunting, Benee Santoso aCetakan pertama, November 2022 axii, 84 halaman ;c19 cm 4aCerita Pendek Indonesia--xKumpulan0 aBenee SantosoePenyunting aYOPDYOG31aBantul :bLembaga Ladang Kata,c2022 2rdacontentateks 2rdamediaatanpa perantara 2rdacarrieravolume aCB-D.11/2022-4025 aCB-D.11/2022-4025